00948nam a2200277 a 450000100100000000500170001000800410002702000150006804000250008308200170010810000330012524500890015826000460024730000280029349000230032150000330034450400400037750400730041765000320049065000250052265000160054765000240056365000270058770000330061483000230064700000800320240410192634.0090914s2003 cu a 001 0 spa d a9590503241 aDO-SdBNPbspacBNPHU a636.7bL864c1 aLópez González, Walfrido10aCon mi veterinario /cWalfrido López González ; edición Neyda Izquierdo Ramos. aLa Habana :bCientifico-Técnica,c2003. a244 p. :bil. ;c23 cm.1 aAnimales afectivos aIncluye índice de materias aIncluye bibliografías (p.238-240) aIncluye referencias bibliográficas y notas al pie de las páginas 4aPerrosxCría y desarrollo 4aPerrosxEnfermedades 0aVeterinaria 4aHigiene veterinaria 4aPerrosxAmaestramiento1 aIzquierdo Ramos, Neyda,eed. 0aAnimales afectivos